Návrh opatrení na zlepšenie systému hodnotenia zamestnancov v podniku Slovenské elektrárne, a.s. : Bakalárska práca

Na minha lista:
Detalhes bibliográficos
Autor principal: Koníčková, Veronika, 1989- (Author)
Outros Autores: Arendášová, Alexandra, 1979- (Thesis advisor)
Formato: Manuscrito Livro
Idioma:eslovaco
Publicado em: Trnava : STU v Bratislave MTF UPMK, 2011
Assuntos:
Acesso em linha:VAIS
Tags: Adicionar Tag
Sem tags, seja o primeiro a adicionar uma tag!

MARC

LEADER 00000ntm a22000003a 4500
001 stu231454
005 20160719160530.4
008 110713s2011----xo------------------slo-d
040 |a STU  |b slo 
041 0 |a slo 
044 |a xo 
100 1 |a Koníčková, Veronika,  |d 1989-  |4 aut  |X 57168  |7 A000057168 
242 0 0 |a Proposal of measures to improve staff appraisal system in the Slovak power company, a. p.  |y eng 
245 1 |a Návrh opatrení na zlepšenie systému hodnotenia zamestnancov v podniku Slovenské elektrárne, a.s. :  |b Bakalárska práca 
260 |a Trnava :  |b STU v Bratislave MTF UPMK,  |c 2011 
300 |a 53 s., CD-ROM 
650 7 |a hodnotenie  |2 stusub 
650 7 |a personnel management  |2 estusub 
650 7 |a evaluation  |2 estusub 
650 7 |a zamestnanec  |2 stusub 
650 7 |a personálny manažment  |2 stusub 
650 7 |a priemyselné manažérstvo  |2 stusub 
650 7 |a Industrial Management  |2 estusub 
700 1 |a Arendášová, Alexandra,  |d 1979-  |4 ths  |u M190  |U MTF Materiálovotechnologická fakulta  |T MTF Katedra priemyselného inžinierstva a manažmentu  |X 10171  |U M190  |Y 167  |7 A000010171 
856 4 |a info a plný text  |u http://is.stuba.sk/zp/portal_zp.pl?podrobnosti=57886  |3 VAIS 
996 |c M*BP-5439  |l MMSKP  |s P  |a 0  |w stu231454_0001